[Event "BEL-ch U14"]
[Site "Blankenberge"]
[Date "2017.04.15"]
[Round "9"]
[White "Faybish, Benjamin"]
[Black "Muzzi, Daniele"]
[Result "0-1"]
[WhiteElo "1595"]
[BlackElo "1646"]
[PlyCount "98"]
[EventDate "2017.04.09"]
[EventType "swiss"]
[EventRounds "9"]
[EventCountry "BEL"]
[SourceTitle "CBM 178 Extra"]
[Source "ChessBase"]
[SourceDate "2017.06.22"]
[SourceVersion "1"]
[SourceVersionDate "2017.06.22"]
[SourceQuality "1"]

1. e4 c5 2. Nf3 Nc6 3. d4 cxd4 4. Nxd4 e5 5. Nb5 a6 6. Nd6+ Bxd6 7. Qxd6 Qf6 8. Qxf6 Nxf6 9. Nc3 0-0 10. Bg5 Ne8 11. 0-0-0 h6 12. Be3 Nf6 13. h3 b5 14. a3 Re8 15. g3 Bb7 16. Bg2 Na5 17. b3 Rac8 18. Kb2 Re7 19. Rd3 Ree8 20. Rhd1 Kh8 21. g4 g5 22. Bf3 Kg7 23. Rh1 Nc6 24. h4 Kg6 25. Rdd1 b4 26. axb4 Nxb4 27. Rd2 Re6 28. Nd5 Nbxd5 29. exd5 Ree8 30. c4 d6 31. Kc3 e4 32. Be2 Nxd5+ 33. Kb2 Nf4 34. Rxd6+ Re6 35. Rxe6+ fxe6 36. h5+ Kf6 37. Bd4+ e5 38. Be3 Nxe2 39. Rd1 Ke6 40. c5 Nd4 41. Bxd4 exd4 42. Rxd4 Rxc5 43. Rd8 Rc8 44. Rd4 Ke5 45. Rd7 Bd5 46. Rh7 Rc6 47. Re7+ Kf4 48. Rd7 Be6 49. Rd4 Bxg4 0-1

[Event "BEL-ch U14"]
[Site "Blankenberge"]
[Date "2017.04.11"]
[Round "4"]
[White "Muzzi, Daniele"]
[Black "Weynjes, Tim"]
[Result "1-0"]
[WhiteElo "1646"]
[BlackElo "1484"]
[PlyCount "125"]
[EventDate "2017.04.09"]
[EventType "swiss"]
[EventRounds "9"]
[EventCountry "BEL"]
[SourceTitle "CBM 178 Extra"]
[Source "ChessBase"]
[SourceDate "2017.06.22"]
[SourceVersion "1"]
[SourceVersionDate "2017.06.22"]
[SourceQuality "1"]

1. e4 e6 2. d4 d5 3. e5 c5 4. c3 Nc6 5. Nf3 Bd7 6. Bd3 Qb6 7. a3 cxd4 8. 0-0 Bc5 9. b4 Be7 10. Bb2 Nh6 11. Re1 Ng4 12. cxd4 Rc8 13. Nbd2 Nh6 14. Nb3 0-0 15. Rc1 Qd8 16. Bb1 b6 17. Bc3 Nb8 18. Qd3 Nf5 19. g4 Bg5 20. gxf5 exf5 21. Nxg5 Qxg5+ 22. Qg3 Qh5 23. Kh1 Rc6 24. Nd2 g5 25. Nf3 h6 26. Rg1 Kh8 27. Bd2 Rg6 28. Rc3 Rgg8 29. Qg2 f4 30. Ne1 Nc6 31. Qf3 Qxf3+ 32. Nxf3 g4 33. Ne1 Nxd4 34. Rc7 Bb5 35. Bd3 Bxd3 36. Nxd3 Nf3 37. Rd1 g3 38. hxg3 fxg3 39. fxg3 Rxg3 40. Bf4 Rg4 41. Rf1 Rh4+ 42. Kg2 Nd4 43. Rcc1 Rg8+ 44. Kf2 Rh3 45. Rcd1 Rf3+ 46. Ke1 Nc2+ 47. Kd2 Rg2+ 48. Kc3 d4+ 49. Kc4 Rh3 50. Rh1 Rxh1 51. Rxh1 Nxa3+ 52. Kxd4 Nb5+ 53. Kd5 Nc7+ 54. Kd6 Nb5+ 55. Ke7 Nd4 56. Kxf7 Rg7+ 57. Kf6 Kg8 58. e6 Nc6 59. Bd6 Kh7 60. Nf4 Nd8 61. Bf8 Rg4 62. Bxh6 Nxe6 63. Bg7+ 1-0